| 000 | 00497nam a2200181Ia 4500 | ||
|---|---|---|---|
| 003 | OSt | ||
| 005 | 20240725105727.0 | ||
| 008 | 190216s9999||||xx |||||||||||||| ||und|| | ||
| 020 | _a9780140293203 | ||
| 040 | _coclc | ||
| 082 |
_a823.92 _bNAI/B |
||
| 100 |
_aNair, Anita _95333 |
||
| 245 | 4 |
_aThe Better Man / _cAnita Nair |
|
| 260 |
_bPenguin Books, _c1999. _aNew Delhi: |
||
| 300 | _a361p | ||
| 650 | _aFiction English | ||
| 942 |
_cBK _2ddc _h823.92 _iNAI/B _k823.92 _mNAI/B |
||
| 999 |
_c14860 _d14860 |
||